• 首页
  • 本馆介绍
  • 公告通知
  • 最新文献
  • 馆藏检索
  • 电子资源
  • 读者导购
  • 参考咨询
  • 我的图书馆
  • 登录
  • 详细信息显示
  • 放入我的书架
  • 预约/预借图书
  • 作者相关作品
  • 分类相关作品
  • 丛书相关作品
  • 出版社相关作品

书目信息

  • 表格格式
  • 工作单格式
  • 卡片格式
题名:
陈紫阳讲素描头像
    
 
作者: 陈紫阳 著
分册:  
出版信息: 哈尔滨   黑龙江美术出版社  2013.05
页数: 49页
开本: 35×50cm
丛书名: 主旋律美术系列丛书
单 册:
中图分类: G634.955.3
科图分类:
主题词: 肖像画--素描技法--高考--升学参考资料 , 肖像画 , 素描技法
电子资源:
ISBN: 978-7-5318-3938-5
000 00954oam2 2200277 450
001 012013133999
005 20130911095051.85
010    @a978-7-5318-3938-5@dCNY48.00
100    @a20130703d2013 em y0chiy0110 ea
101 0  @achi
102    @aCN@b230000
105    @aa z 000yy
106    @ad
200 1  @a陈紫阳讲素描头像@9chen zi yang jiang su miao tou xiang@f陈紫阳著
210    @a哈尔滨@c黑龙江美术出版社@d2013.05
215    @a49页@c图@d35×50cm
225 2  @a主旋律美术系列丛书
330    @a本书为高考技法类图书,读者通过阅读可以全面了解素描头像的基本专业知识,再通过绘画步骤解析了解绘画的步骤和方法,再进行临摹实践书中所讲知识和内容。
461  0 @12001 @a主旋律美术系列丛书
606 0  @a肖像画@x素描技法@x高考@j升学参考资料
606 0  @a肖像画
606 0  @a素描技法
690    @aG634.955.3@v5
701  0 @a陈紫阳@9chen zi yang@f(1982-)@4著
801  0 @aCN@b人天书店@c20130703
905    @b547523-26@dG634.955.3@e1124@f4@xCNY48.00
    
    陈紫阳讲素描头像/陈紫阳著.-哈尔滨:黑龙江美术出版社,2013.05
    49页:图;35×50cm.-(主旋律美术系列丛书)
    
    
    ISBN 978-7-5318-3938-5:CNY48.00
    本书为高考技法类图书,读者通过阅读可以全面了解素描头像的基本专业知识,再通过绘画步骤解析了解绘画的步骤和方法,再进行临摹实践书中所讲知识和内容。
●
相关链接 在E读中查询图书 在五车中查询图书 在当当中查询图书 在豆瓣中查询图书


正题名:陈紫阳讲素描头像     索取号:G634.955.3/1124         预约/预借

序号 登录号 条形码 馆藏地/架位号 状态 备注
1 547523   205475234   第一样本阅览室/ [索取号:G634.955.3/1124] 在馆    
2 547524   205475243   第四借阅区/ [索取号:G634.955.3/1124] 在馆    
3 547525   205475252   第四借阅区/ [索取号:G634.955.3/1124] 在馆    
4 547526   205475261   第四借阅区/ [索取号:G634.955.3/1124] 在馆    
唐山师范学院图书馆 欢迎您!
大连网信软件有限公司© 版权所有